Personnage des aventures de Tintin : Laszlo Carreidas - Statistiques

Statistiques générales
  • Ce quiz a été pris 74 fois
  • Le résultat moyen est 13 sur 18
Statistiques - réponses
Questions Réponses % Correct
Album dans lequel apparaît Laszlo Carreidas. Vol 714 pour Sydney
97%
Valeur (en dollars) du billet que le Capitaine Haddock a généreusement glissé sous le galurin de Carreidas croyant qu'il était un mendiant/immigrant. Cinq dollars
91%
Le chapeau de Carreidas est un "Bross et Clackwell d'avant-____". Guerre
86%
Bandit qui a orchestré le détournement de l'avion de Laszlo Carreidas Roberto Rastapopoulos
84%
Métropole du sud-est asiatique à l'aéroport de laquelle Laszlo Carreidas rencontre Tintin. Djakarta
83%
Raison pour laquelle Laszlo Carreidas ne serre pas la main pour saluer. C'est anti_______. Hygiénique
81%
Carreidas et le précédent (réponse #13), sous l'effet d'un sérum de vérité, se chamaillaient pour savoir lequel des deux était LE "____ du mal". Génie
79%
Marque de boisson américaine controversée du point de vue sanitaire, caféinée et gazeuse qu'Hergé a pastichée à travers une marque de boisson fictive créée par Carreidas. Coca-Cola
74%
Pays dans lequel Carreidas détient sous une fausse identité un certain magot dans une banque, magot que le précédent entend lui ravir. La Suisse
74%
Ville du sud de l'Italie d'où vient Gino, le stewart de Carreidas. Naples
71%
Album dans lequel Hergé devait faire réapparaître Laszlo Carreidas d'après ses brouillons mais en fin de compte, il n'y apparaît pas. Tintin et l'Alph-art
71%
Peintre espagnol du XXe siècle dont Goldberg, représentant de Carreidas, propose l'achat de trois de ses toiles. Carreidas dit aussi avoir de ses tableaux à ne plus savoir où les mettre. Pablo Picasso
69%
Personne qui, par adresse, manipulations, trucages, produit des illusions en faisant disparaître, apparaître, changer de place ou d'aspect des objets. Laszlo Carreidas prenait le professeur Tournesol pour ce type d'artistes lorsque ce dernier découvrit le billet que Haddock avait précédemment glissé sous le chapeau du premier cité (attention : terme utilisé dans l'album, je n'ai pas placé de synonymes dans les "type-ins"). Un prestidigitateur
69%
Pigment assimilateur des végétaux photosynthétiques. Laszlo Carreidas dit que sa propre boisson bio est faite à base de ce pigment. La chlorophylle
60%
Peintre impressionniste du XIXe siècle, père d'un cinéaste célèbre. Carreidas dit avoir de ses tableaux à ne plus savoir où les mettre. Auguste Renoir
55%
Richissime armateur grec, concubin de Maria Callas et époux de Jackie Kennedy. En 1953, Il devient le principal actionnaire de la Société des bains de mer (SBM) de Monaco qui possède et/ou dirige le célèbre Casino de Monte-Carlo et la plupart des affaires de la principauté. Lorsque Carreidas apprend que cet armateur est intéressé par les tableaux des peintres susmentionnés, il ordonne à Goldberg de les acheter à n'importe quel prix. Aristote Onassis
48%
Compagnie aérienne australienne dont l'un des avions conduira finalement Carreidas, Tintin, Haddock, etc. vers leur destination initiale après le détournement de son propre avion. Qantas
41%
Peintre d'abord fauviste puis cubiste dont Goldberg proposait aussi l'achat d'une ou de plusieurs toiles. Carreidas dit aussi avoir de ses tableaux à ne plus savoir où les mettre. Georges Braque
26%
Aucun quiz correspondant
Distribution des résultats
% des personnes avec chaque résultat
Percentile par nombre de réponses
Votre historique - résultats
Vous n’avez pas pris ce quiz